<?xml version="1.0" encoding="UTF-8"?>
<record
    xmlns:xsi="http://www.w3.org/2001/XMLSchema-instance"
    xsi:schemaLocation="http://www.loc.gov/MARC21/slim http://www.loc.gov/standards/marcxml/schema/MARC21slim.xsd"
    xmlns="http://www.loc.gov/MARC21/slim">

  <leader>02342nam a22001937a 4500</leader>
  <controlfield tag="005">20250529145803.0</controlfield>
  <controlfield tag="008">250328b        |||||||| |||| 00| 0 eng d</controlfield>
  <datafield tag="020" ind1=" " ind2=" ">
    <subfield code="a">9783836576758</subfield>
  </datafield>
  <datafield tag="041" ind1=" " ind2=" ">
    <subfield code="a">Eng</subfield>
  </datafield>
  <datafield tag="082" ind1=" " ind2=" ">
    <subfield code="a">741.6</subfield>
    <subfield code="b">WIE</subfield>
  </datafield>
  <datafield tag="100" ind1=" " ind2=" ">
    <subfield code="a">Wiedemann Julius Ed.</subfield>
    <subfield code="9">206365</subfield>
  </datafield>
  <datafield tag="245" ind1=" " ind2=" ">
    <subfield code="a">Logo Design: Global Brands</subfield>
  </datafield>
  <datafield tag="260" ind1=" " ind2=" ">
    <subfield code="b">Taschen</subfield>
    <subfield code="c">2024</subfield>
  </datafield>
  <datafield tag="300" ind1=" " ind2=" ">
    <subfield code="a">601</subfield>
  </datafield>
  <datafield tag="365" ind1=" " ind2=" ">
    <subfield code="b">1698.75</subfield>
    <subfield code="c">Rs.00</subfield>
  </datafield>
  <datafield tag="520" ind1=" " ind2=" ">
    <subfield code="a">Introduction
From Logo Design to Global Brands
Consumer Products &amp; Retail
Bicycles
Children Care
Consumer Retail
Health &amp; Beauty
Home Appliances
Home Care
Imaging &amp; Photographic
Kitchenware
Office Supplies
Personal Care
Tobacco
Toys
&#xF06C; Fashion &amp; Apparel
Accessories
Clothing
Eyewear
Fashion Labels
Footwear
Haute Couture
Luxury
Sportswear
&#xF06C; Finance
Banking
Credit Cards
Financial Services
Foreign Exchange
Investment
Insurance
Payment Systems
Stock Exchanges
&#xF06C; Food &amp; Drink
Beverages 
Candies
Chocolate
Fast Food
Food Products
Ice Cream
Restaurants &amp; Bars
Savory Foods
Snacks
Sweets
Packaged Foods
Snacks
Packaged Foods
Wines, Beers, Spirits
&#xF06C; Government &amp; Institutions
Associations
Churches
Cities &amp; Countries
Clubs &amp; Sports Clubs
Foundations
Institutions
Museums
Organizations
Political Parties
Schools &amp; Colleges
Universities
&#xF06C; Industry
Aerospatiale
Agricultural
Airplane Manufacturers &amp; Servicing
Automobile Servicing &amp; Supplies
Chemical Industries
Electronics
Engineering Companies
Industrial Conglomerates
Marine Industry
Motorbikes
Optical Companies
Steel &amp; Mining
&#xF06C; Media, Music &amp; Entertainment
Artists &amp; Bands Books
Campaigns
Cinema &amp; Studios
Distributors
Events &amp; Festivals Films
Magazines &amp; Newspapers
Music Instruments
Publishers
Radio
Record Labels
Television Channels
Websites
&#xF06C; Airlines
Auctioning &amp; Auditing
Catering
Consultancy
Energy
Health Services
Hospitality
Logistics
Outsourcing
Pharmaceutical
Printing Services
Security Services
Telecommunications
Transport
Utility Companies
&#xF06C; Technology
APPS
Browsers &amp; Search Engines
Computer Companies
E-Commerce
Electronics &amp; Hardware
Internet Portals
Gig Economy
Mobile Phones
Semiconductors
Social Media
Social Networks
Software
System Companies
Streaming
Video Games


</subfield>
  </datafield>
  <datafield tag="650" ind1=" " ind2=" ">
    <subfield code="a">Graphics Design</subfield>
    <subfield code="x">Logo Design</subfield>
    <subfield code="9">211843</subfield>
  </datafield>
  <datafield tag="942" ind1=" " ind2=" ">
    <subfield code="c">BK</subfield>
  </datafield>
  <datafield tag="999" ind1=" " ind2=" ">
    <subfield code="c">365818</subfield>
    <subfield code="d">365818</subfield>
  </datafield>
  <datafield tag="952" ind1=" " ind2=" ">
    <subfield code="0">0</subfield>
    <subfield code="1">0</subfield>
    <subfield code="2">ddc</subfield>
    <subfield code="4">0</subfield>
    <subfield code="7">0</subfield>
    <subfield code="a">SOFT</subfield>
    <subfield code="b">SOFT</subfield>
    <subfield code="d">2025-03-26</subfield>
    <subfield code="e">Design Book Studio</subfield>
    <subfield code="g">1698.75</subfield>
    <subfield code="i">541</subfield>
    <subfield code="l">0</subfield>
    <subfield code="o">741.6 WIE</subfield>
    <subfield code="p">SOFT-BK-4371</subfield>
    <subfield code="r">2025-03-28 00:00:00</subfield>
    <subfield code="t">25%</subfield>
    <subfield code="v">2265.00</subfield>
    <subfield code="w">2025-03-18</subfield>
    <subfield code="y">BK</subfield>
  </datafield>
</record>
